Clara Bow - Taylor Swift (All Lyrics) - Statistics

General Stats
  • This quiz has been taken 17 times
  • The average score is 203 of 249
Answer Stats
Lyrics % Correct
a
100%
and
100%
Bow
100%
but
100%
Clara
100%
did
100%
did,
100%
got
100%
I
100%
in
100%
In
100%
is
100%
it
100%
it.
100%
light
100%
like
100%
look
100%
she
100%
the
100%
"The
100%
The
100%
this
100%
"This
100%
we're
100%
We're
100%
when
100%
"You
100%
you
100%
your
100%
All
92%
all
92%
at
92%
be
92%
if
92%
know
92%
loving
92%
me
92%
my
92%
never
92%
Nicks
92%
No
92%
of
92%
on
92%
one
92%
see
92%
Stevie
92%
Swift
92%
Taylor
92%
think
92%
to
92%
you're
92%
You're
92%
You've
92%
'75,
85%
dazzling"
85%
...Dazzling"
85%
edge
85%
hair
85%
her
85%
I'd
85%
"I'm
85%
It's
85%
lights
85%
lips
85%
made
85%
not
85%
real
85%
that
85%
thing
85%
thought
85%
Thought
85%
town
85%
air
77%
Breath
77%
die
77%
Die
77%
Do
77%
fake
77%
fresh
77%
goes
77%
life,
77%
might
77%
say..."
77%
small
77%
They
77%
they
77%
You'd
77%
Crowd
69%
down
69%
happened
69%
LA,
69%
Manhattan"
69%
more
69%
new
69%
remarkable
69%
these
69%
trying
69%
wild
69%
beast
62%
Beauty
62%
bright
62%
come
62%
don't
62%
Earth
62%
eclipse"
62%
everything
62%
exaggerate
62%
fingertips
62%
fours
62%
future's
62%
glow
62%
Half
62%
just
62%
let
62%
Only
62%
picked
62%
Promise
62%
rings
62%
roars
62%
rose"
62%
smoke
62%
so
62%
Take
62%
want
62%
full
54%
girlish
54%
god
54%
heavenly
54%
hell
54%
moonshine,
54%
queen
54%
suits
54%
through
54%
worshipping
54%
blood
46%
crown
46%
Demanding
46%
flickers
46%
gently
46%
give
46%
glory,
46%
machines
46%
meet
46%
war
46%
Flesh
38%
stained
38%
amongst
31%
breaks
31%
Them's
31%
No matching quizzes found
Score Distribution
Percent of People with Each Score
Percentile by Number Answered
Your Score History
You have not taken this quiz